000 01342cam a22003857a 4500
003 CHAP
005 20220817043508.0
008 981124d1997 mx a r 00110 spa d
010 _a76699
011 _a77671
035 _a87335
040 _cCHAP
090 _aFolleto 15187
100 0 0 _aNeri Flores, Oscar.
_980875
245 1 3 _aLa producción de avestruz :
_bnueva oportunidad de negocio en México
_c/por Oscar Neri Flores y Luis Hernández Cachou
260 _aMorelia, Mich. :
_bFideicomisos Instituidos en Relación con la Agricultura,
_c1997.
300 _a60 p. :
_bilus. ; gráfs. ; cuadros
410 _aFIRA
490 0 _aBoletin informativo
_v; XXIX (297)
590 _aBATCH-UPD
_b10
_c20130109
_lUCH01
_h2351
590 _aBATCH-UPD
_b10
_c20130110
_lUCH01
_h0426
590 _aBATCH-UPD
_b10
_c20130409
_lUCH01
_h1923
590 _aBATCH-UPD
_b10
_c20130914
_lUCH01
_h0452
590 _aCONVERSION
_b10
_c20130109
_lUCH01
_h1342
650 1 4 _aAvestruz.
_98693
650 1 4 _aCarne de avestruz.
_919117
700 0 _aHernández Cachou, Luis.
_953873
810 _aFIRA
_941029
830 0 _aBoletin informativo
_v; XXIX (297)
901 _aBK
905 _aGuadalupe Pinto C.
942 _cFOLL
949 _aFolleto 15187
_bBC
_cFOLL
_d873351
_eTS1
_i87335
_sb
949 _aFolleto 15187
_bBC
_cFOLL
_d873352
_eTS2
_fc.2
_i87335
_si
999 _c76699
_d76699